000 00701nam a2200289Ia 4500
005 20260324140015.0
008 008 260324s9999 xx 000 0 eng d
020 _a9781315053264
037 _aEBOOK
040 _aCRL
040 _beng
040 _cCRL
041 _2eng
041 _aeng
084 _qCRL
100 _aEleonore Kokotsis
_91202774
245 0 _aKeeping International Commitments
245 0 _bCompliance, Credibility and the G7, 1988-1995
260 _bTaylor and Francis
260 _c1999
365 _a
365 _b290
856 _uhttp://www.taylorfrancis.com/books/9781315053264
942 _cEBOOK
999 _c1804388
_d1804388